| 000 | 00000nam 2200000za 4500 |
| 001 | 9.581109 |
| 003 | CaOODSP |
| 005 | 20230316143029 |
| 007 | cr ||||||||||| |
| 008 | 150406s2014 nsc|||||o f|0| 0 eng d |
| 020 | |a978-1-100-25286-5 |
| 040 | |aCaOODSP|beng |
| 041 | |aeng|bfre |
| 043 | |an-cn--- |
| 086 | 1 |aFs97-18/303E-PDF |
| 100 | 1 |aLi, W. K. W., |eauthor. |
| 245 | 14|aThe state of phytoplankton and bacterioplankton in the Scotian Shelf and Slope |h[electronic resource] : |bAtlantic Zone Monitoring Program 1997-2013 / |cby W.K.W. Li. |
| 260 | |aDartmouth - Nova Scotia : |bFisheries and Oceans Canada, |c2014. |
| 300 | |a162 p. : |bfigs., graphs, maps, references, tables. |
| 490 | 1 |aCanadian technical report of hydrography and ocean sciences|x1488-5417|v303 |
| 590 | |a15-12|b2015-03-20 |
| 710 | 1 |aCanada. |bDepartment of Fisheries and Oceans, |eissuing body. |
| 776 | 0#|tThe state of phytoplankton and bacterioplankton in the Scotian Shelf and Slope : |w(CaOODSP)9.515983 |
| 830 | #0|aCanadian technical report of hydrography and ocean sciences,|x1488-5417|v303|w(CaOODSP)9.504781 |
| 856 | 40|ahttp://publications.gc.ca|qPDF|s13.07 MB|uhttps://publications.gc.ca/collections/collection_2015/mpo-dfo/Fs97-18-303-eng.pdf|y303 |